000 00522nam a2200133Ia 4500
008 220204s9999 xx 000 0 und d
082 _aNR:063RT`1995'
_bIRM
245 0 _aIndian rubber manufacturers research association 17th Rubber Conference on 13/14 December, 1995 at Taj Coromandel, Madras, Programmes papers
260 _aThane
_bIndian Rubber Manufacturers' Research Association (IRMRA)
_c1995
650 _aRubber plasticsblaends
650 _aSurface activated crumb rubber(SURCRUM)
650 _aTEP
942 _cBK
999 _c41352
_d41352